00928nam a2200241 i 450000100060000000300090000600500170001500700030003200800410003502000180007608000400009410000250013424501030015926000380026230000220030049000430032250400340036560000640039983000510046385200330051499900170054795201220056473429ES-MaACL20230906171815.0t|041011s2004 sp ||||1| spa d a84-7522-870-4 a821.134.2 Gil de Biedma, Jaime 1.071 aEgea, Juan F.94670513aLa poesía del nosotros b: Jaime Gil de Biedma y la secuencia lírica moderna / cJuan F. Egea. aMadrid : bVisor Libros, c[2004] a162 p. ; c22 cm.1 aBiblioteca filológica hispana ; v70 aBibliografía: p. [151]-162.14aGil de Biedma, Jaime-xCrítica e interpretación.9567900 aBiblioteca filológica hispana ; v709179654 aES-MaACLjL-28210 bR.134095 c73429d73429 00104070aATENEOMbATENEOMcDEPO2d2008-01-17eSCl0oL-28210p1076860r2023-02-23 00:00:00w2023-02-23yMONOGRAFIA